000 00245nmm a2200085Ia 4500
008 220120s9999||||xx |||||||||||||||||und||
100 _aPCQ
245 0 _a10 free database management software, 20 free ebook on linux
260 _aCyber media Pvt. Ltd.
999 _c139929
_d139929